000 00574nam a2200229Ia 4500
003 OSt
005 20221005123446.0
006 a|||||r|||| 00| 0
007 ta
008 221004b |||||||| |||| 00| 0 tam d
024 _a62306
037 _cTextual
040 _aCRL
_cCRL
_btam
041 _2tam
_atam
082 _aP31, M3
100 _aAdilatchoumie librairie Au.
_9633677
245 0 _aLexique Kailassame
260 _c1983
650 _aLINGUISTICS
942 _hP31, M3
_cTEXL
_2cc
999 _c1047473
_d1047473